| 000 | 01003cam a2200253 i 4500 | ||
|---|---|---|---|
| 005 | 20260203115715.0 | ||
| 008 | 250721s2000 le gr 000 0 ara d | ||
| 020 | _a2844091199 | ||
| 041 | 1 |
_aara _heng |
|
| 082 | 1 | 4 |
_a004.65 _bح ل و |
| 110 | 2 |
_aMicor Modeling Associates _eمعد. |
|
| 240 | 1 | 0 | _aMicrosoft Commerce Solutione. |
| 245 | 1 | 0 |
_aحلول التجارة الإلكترونية من مايكروسوفت / _cإعداد micro modeling associates ؛ ترجمة مركز التعريب والبرمجة. |
| 250 | _aالطبعة الأولى. | ||
| 264 | 3 | 1 |
_aبيروت : _bدار العربية للعلوم، _c2000. |
| 300 | _a712 صفحة. | ||
| 650 | 1 | 7 | _aشبكات الحواسيب. |
| 650 | 1 | 7 | _aشبكات المعلومات. |
| 650 | 1 | 7 | _aالإنترنت. |
| 650 | 1 | 7 | _aالحواسيب. |
| 710 | 2 |
_aالدار العربية للعلوم. _eمترجم. _bمركز التعريب والبرمجة. |
|
| 942 |
_2ddc _cBK |
||
| 999 |
_c64513 _d64513 |
||